000 00333nam a2200133Ia 4500
008 191201s2010 xx 000 0 und d
100 _aMARTIN, John C
245 0 _aIntroduction to Languages and the Theory of Computation
250 _a8th Rep
260 _c2010
_bTMH
_aN. Delhi
300 _a543
650 _aCSE
942 _2ddc
_cBB
999 _c7322
_d7322